Измерения и измерительный контроль сведения о погрешностях измерений в конструкторской и технологической документации: рекомендация МИ 2177-91

Dades bibliogràfiques
Autor corporatiu: Всероссийский научно-исследовательский институт метрологической службы (ВНИИМС), Южное
Sumari:Утверждена 27.12.91.
Idioma:rus
Publicat: Москва, ВНИИМС, 1991
Edició:официальное изд.
Matèries:
Format: MixedMaterials Llibre
KOHA link:https://koha.lib.tpu.ru/cgi-bin/koha/opac-detail.pl?biblionumber=153941

MARC

LEADER 00000nam0a2200000 4500
001 153941
005 20231101221728.0
029 1 0 |a RU  |b 2177-91  |c МИ 
035 |a (RuTPU)RU\TPU\book\166990 
090 |a 153941 
100 |a 20090219d1991 k a0rusy50 ca 
101 0 |a rus 
102 |a RU 
105 |a y l 000zy 
122 2 |a d2007121020  |a d2007121020 
200 1 |a Измерения и измерительный контроль сведения о погрешностях измерений в конструкторской и технологической документации  |e рекомендация МИ 2177-91  |f Всероссийский научно-исследовательский институт метрологической службы (ВНИИМС) ; Южное 
205 |a официальное изд. 
210 |a Москва  |c ВНИИМС  |d 1991 
215 |a 5 с. 
300 |a Утверждена 27.12.91. 
606 1 |a Метрология  |2 stltpush  |3 (RuTPU)RU\TPU\subj\43497  |9 62988 
610 1 |a конструкторская документация 
610 1 |a технологическая документация 
610 1 |a измерения 
610 1 |a измерительный контроль 
610 1 |a погрешности измерения 
610 1 |a рекомендации 
610 1 |a МИ 2177-91 
675 |a 621:53.08  |v 3 
712 0 2 |a Всероссийский научно-исследовательский институт метрологической службы (ВНИИМС)  |2 stltpush  |3 (RuTPU)RU\TPU\col\4123 
712 0 2 |a Южное  |c Конструкторское бюро  |c (Днепропетровск)  |2 stltpush  |3 (RuTPU)RU\TPU\col\14083  |9 25878 
801 1 |a RU  |b 63413507  |c 20090219  |g PSBO 
801 2 |a RU  |b 63413507  |c 20221208  |g PSBO 
942 |c BK